000 01009nam a2200241Ia 4500
003 OSt
005 20241026110928.0
007 ca aa aaaaa
008 201103s9999 xx 000 0 und d
040 _cSSBUL
041 _abur
082 _2၂၃
_a၂၉၄.၃၄၃၅၀၉ သီ
_b၁၃၁၇၇ S-SAT
100 _aသီလဝံသ
_955071
100 _915814
245 1 0 _aပင်းတယနယ်မြေနှင့်ရွှေဥမင်ဘုရားသမိုင်း /
_cသီလဝ ။
250 _aတတိယအကြိမ် ။
260 _a[နေရာမပါ] ၊
_b[ထုတ်ဝေသူမပါ]၊
_c[ခုနှစ်မပါ]။
300 _a၁၈၄ စာမျက်နှာ ၊
_bပုံများ ၊
_c၁၈ စင်တီ ။
500 _aS-SAT: Dr Sai Aung Tun Collection
650 _aဘုရားသမိုင်း
650 _98832
_aရွှေဥမင်ဘုရား
_vသမိုင်း
942 _cBK1
_2ddc
999 _c40984
_d40984